000 01129nam a2200325 i 4500
003 EG-GICUC
005 20260429101315.0
008 260429s1959 fr ||||fr|||| 00| 0 fre d
040 _aEG-GiCUC
_bfre
_cEG-GiCUC
_dEG-GiCUC
_eRda
041 1 _afre
082 0 4 _221
_a343.82
_bMI . M
092 0 4 _221
099 _aLaw1 10 343.82 MI . M 1959
100 1 _aMira y Lopez, Emilio
_eAuteur
245 1 0 _aManuel de psychologie juridique /
_cEmilio Mira y Lopez ; traduit de l’espagnol par César Flores ; dirigée par Jean Delay
264 1 _aParis :
_bPresses Universitaires de France,
_c1959.
300 _a313 page ;
_c 24 cm.
_billustration ;
336 _2rda contenu
_a texte
337 _2rda medias
_aOrdinateur
338 _2 transporteur rda
_a Ressource en ligne
504 _aComprend des références bibliographiques.
546 _aTexte en français
650 1 _aDroit pénal
_2qrmak
651 1 _2qrmak
700 1 _aFlores, César
_eTraducteur
700 1 _a Delay,Jean
_eContributeur
856 4 0 _uhttps://fll.law.cu.edu.eg/fulltext/bks/B10-11780.pdf
905 _a74
942 _2ddc
_n0
_cBK
_e21
999 _c74057
_d74057